|
|
|
|
| LEADER |
00000cam a2200000 7i4500 |
| 001 |
0000014811 |
| 005 |
20080306.0 |
| 008 |
080306 |
| 020 |
|
|
|a 9837204907
|
| 090 |
0 |
0 |
|a 658.45
|b ROB
|
| 100 |
1 |
|
|a Robertson, J. L.
|
| 245 |
1 |
0 |
|a Business communication
|c J. L. Robertson
|
| 260 |
|
|
|a Selangor :
|b Golden Books Centre ,
|c 2002
|
| 650 |
|
0 |
|a Business communication
|
| 650 |
|
0 |
|a Communication in management
|
| 710 |
0 |
|
|a Title
|
| 999 |
|
|
|a 0000925668
|b Book
|c Adult Collection
|e Cawangan Bukit Gambir
|
| 999 |
|
|
|a 0000925669
|b Book
|c Adult Collection
|e Cawangan Bukit Gambir
|
| 999 |
|
|
|a 0000934321
|b Book
|c Adult Collection
|e Cawangan Tangkak
|
| 999 |
|
|
|a 0000934322
|b Book
|c Adult Collection
|e Cawangan Tangkak
|
| 999 |
|
|
|a 0000934323
|b Book
|c Adult Collection
|e Cawangan Tangkak
|
| 999 |
|
|
|a 0001011733
|b Book
|c Adult Collection
|e Perbadanan Perpustakaan Awam Johor
|
| 999 |
|
|
|a 0001011734
|b Book
|c Adult Collection
|e Perbadanan Perpustakaan Awam Johor
|
| 999 |
|
|
|a 0001012008
|b Book
|c Adult Collection
|e Perbadanan Perpustakaan Awam Johor
|